000
00312 a2200145 4500
001
165204
020
_a
040
_c
Magnum
100
_a
Lima, Lauro de Oliveira
240
1
0
_a
Piaget para principiantes
_l
por
245
1
0
_a
Piaget para principiantes
362
0
_a
1899
697
_a
PEDAGOGIA
942
_c
BK
999
_c
165204
_d
165204